| 000 | 00524nam a2200193 i 4500 | ||
|---|---|---|---|
| 001 | 129307 | ||
| 003 | ES-MaACL | ||
| 005 | 20250813110912.0 | ||
| 007 | t| | ||
| 008 | 070612s1973 sp ||||1| spa d | ||
| 080 | _a001(04) | ||
| 100 | 1 |
_aTerrón, Eloy. _9109798 |
|
| 245 | 1 | 0 |
_aCiencia, técnica y humanismo / _cEloy Terrón. |
| 260 |
_aMadrid : _bEdit. Gráf. Espejo, _c1973. |
||
| 300 |
_a231 p. ; _c19 cm. |
||
| 650 | 1 | 7 |
_aCiencia _2embne _910929 |
| 852 |
_aES-MaACL _jC-55330 _bR.88027 |
||
| 999 |
_c129307 _d129307 |
||